01313 a2200241 4500003000500000005001700005010001600022020001500038040000900053082001600062100002300078245006100101250001200162260006400174300003400238500000600272505055500278650004000833700001500873942002500888999001900913952013900932Nust20220817110639.0 a 94032576 a0805316779 cNust00a005.133,KEL1 aKelley, Al.99763012aA book on C :bprogramming in C / cAl Kelley, Ira Pohl. a3rd ed. aRedwood City, Calif. :bBenjamin Cummings Pub. Co.,cc1995. axix, 636 p. :bill. ;c24 cm. a. aStarting from Zero (Page-1), An Overview of C (Page-4), Lexical Elements, Operators, and the C System (Page-65), The Fundamental Data Types (Page-99), Flow of Control (Page-134), Functions (Page-177), Arrays, Pointers, and Strings (Page-220), Bitwise Operators and Enumeration Types (Page-293), The Preprocessor (Page-232), Structures and Unions (Page-363), Structures and List Processing (Page-401), Input/output and the Operating System (Page-447), Advanced Applications(Page-504), Moving from C to C++ (Page-541), Moving from C to Java (Page-568). 0aC (Computer program language)912261 aPohl, Ira. 2ddccBKk005.133,KEL c188286d188286 00102ddc4070aMCSbMCScGENd2016-12-12l1o005.133,KELpMCS26623r2023-03-27s2023-03-15w2016-12-12yBKzAlmirah No.4, Shelf No.6